|
|
|
|
| LEADER |
00000cam a2200000 a 4500 |
| 001 |
vtls001396481 |
| 003 |
SK-MaSNL |
| 005 |
20260301161741.0 |
| 008 |
240318s1998 xo a r 000 0 slo |
| 015 |
|
|
|a SNBA2000/11-04032
|
| 020 |
|
|
|a 8088775892
|
| 035 |
|
|
|a SNK000350857
|
| 035 |
|
|
|a urn:nbn:sk:snk-amklqo
|
| 035 |
|
|
|a urn:nbn:sk:snk-am003e1n
|
| 035 |
|
|
|a 10B6A903-26B5-4D69-A4C8-0BCA07835E35
|
| 040 |
|
|
|a SNK
|b slo
|c SNK
|e AACR2
|
| 041 |
1 |
|
|a slo
|h fre
|
| 044 |
|
|
|a xo
|c SK
|
| 080 |
|
|
|a 232.2:226
|2 1981
|
| 080 |
|
|
|a 226
|2 1981
|
| 100 |
0 |
|
|a Bernard-Marie
|c brat
|4 aut
|9 525227
|
| 240 |
1 |
0 |
|a Le cinquiéme évangile
|l Slovensky
|
| 245 |
1 |
0 |
|a Piate evanjelium - podľa agráf a niektorých mystikov
|c [Bernard-Marie ; z francúzskeho originálu preložila Jana Vrabcová]
|
| 260 |
|
|
|a Bratislava
|b Motýľ
|c 1998
|
| 300 |
|
|
|a 223 s.
|c 21 cm
|
| 500 |
|
|
|a Údaj o prekl. prevzatý z rubu tit. strany
|
| 504 |
|
|
|a Bibliogr. s. 223. Slovník niektorých odb. termínov
|
| 600 |
0 |
7 |
|a Ježiš Kristus
|2 SNK
|
| 650 |
0 |
7 |
|a evanjeliá
|2 SNKPH
|9 281407
|
| 655 |
|
7 |
|a monografie
|2 SNK
|9 70139
|
| 700 |
1 |
|
|a Vrabcová, Jana
|4 trl
|9 525228
|
| 919 |
|
|
|a 80-88775-89-2
|
| 958 |
|
|
|a TL
|
| 958 |
|
|
|a OP
|
| 958 |
|
|
|a NS
|
| 958 |
|
|
|a NB
|
| 958 |
|
|
|a FR
|
| 958 |
|
|
|a NT
|
| 968 |
|
|
|b FR
|
| 999 |
|
|
|c 810653
|d 812583
|
| 952 |
|
|
|t P60, <03>, [BOOK], {603}
|a SNK
|b SNK
|y PREZ
|7 0
|p 17A0251547
|o snkSC 102678
|i snkKSP 9619/2000
|0 0
|1 0
|4 0
|d 2000-09-20
|f 1
|l 0
|r 2025-09-24 00:00:00
|w 2026-02-24
|
| 952 |
|
|
|t P60, <04>, [BOOK], {604}
|a SNK
|b SNK
|y VYP
|7 0
|p 17A0251548
|o snkSC 102678 D1
|i snkKSP 9620/2000
|0 0
|1 0
|4 0
|d 2000-09-20
|l 0
|r 2005-01-02 00:00:00
|w 2026-02-24
|